000 01290nam a2200241Ia 4500
003 Ost
005 20260507075804.0
008 260507s9999||||xx |||||||||||||| ||und||
040 _cfsecg
041 _aara
082 _a657
100 _aعوض الله، عبد المنعم
_eمؤلف
245 0 _aالمحاسبة الادارية في مجالات الرقابة واتخاذ القرارات (ك9) /
_c عبد المنعم عوض الله
260 _aالقاهرة:
_bمطبعة مركز التعليم المفتوح,
_c(د.ت)
300 _a255 صفحة؛
_bإيضاحات ؛
_c24 سم
504 _aمراجع ص.253
520 _aالمحاسبة الادارية في مجال المتابعة، المحاسبة الادارية في مجال الرقابة، معايير المحاسبة الادارية للمساءلة، مراقبة التكاليف وانحرافاتها، تحليل سلوك واتجاهات تغيرات عناصر إقتصاديات التشغيل ، نظم المحاسبة الادارية لبرمجة الانشطة والاهداف.
653 _aالتكاليف
653 _aالرقابة المالية
653 _aالمحاسبة
700 _aعزيزة، عبد الرازق
_eمؤلف ثانوي
942 _cكتاب
999 _c46366
_d46366